Les meilleurs buteurs du Paris Saint Germain - Statistiques

Statistiques générales
  • Ce quiz a été pris 112 fois
  • Le résultat moyen est 7 sur 15
Statistiques - réponses
Nombre de Buts Joueurs % Correct
256 Kylian Mbappe
99%
200 Edinson Cavani
96%
156 Zlatan Ibrahimovic
91%
118 Neymar Junior
90%
109 Pedro Miguel Pauleta
75%
92 Angel Di Maria
73%
72 Rai
41%
55 Georges Weah
30%
48 Nenê
27%
85 Safet Susic
24%
100 Dominique Rocheteau
20%
98 Mustapha Dahleb
18%
71 Carlos Bianchi
9%
95 François M'Pelé
8%
56 Guillaume Hoarau
3%
Aucun quiz correspondant
Distribution des résultats
% des personnes avec chaque résultat
Percentile par nombre de réponses
Votre historique - résultats
Vous n’avez pas pris ce quiz